Managing Variation in Hospital Patient Flows.

Bibliographic Details
Main Author: Olsson, Olle.
Format: eBook
Language:English
Published: Linköping : Linkopings Universitet, 2021.
Edition:1st ed.
Series:Linköping Studies in Science and Technology. Dissertations Series
Subjects:
Online Access:Click to View
LEADER 02357nam a22003853i 4500
001 EBC6803966
003 MiAaPQ
005 20240729202203.0
006 m o d |
007 cr cnu||||||||
008 240729s2021 xx o ||||0 eng d
020 |a 9789179290696  |q (electronic bk.) 
020 |z 9789179290696 
035 |a (MiAaPQ)EBC6803966 
035 |a (Au-PeEL)EBL6803966 
035 |a (OCoLC)1285784856 
040 |a MiAaPQ  |b eng  |e rda  |e pn  |c MiAaPQ  |d MiAaPQ 
100 1 |a Olsson, Olle. 
245 1 0 |a Managing Variation in Hospital Patient Flows. 
250 |a 1st ed. 
264 1 |a Linköping :  |b Linkopings Universitet,  |c 2021. 
264 4 |c {copy}2021. 
300 |a 1 online resource (248 pages) 
336 |a text  |b txt  |2 rdacontent 
337 |a computer  |b c  |2 rdamedia 
338 |a online resource  |b cr  |2 rdacarrier 
490 1 |a Linköping Studies in Science and Technology. Dissertations Series ;  |v v.2184 
505 0 |a Intro -- ABSTRACT -- SAMMANFATTNING -- FÖRFATTARENS TACK -- TABLE OF CONTENTS -- LIST OF FIGURES -- LIST OF TABLES -- 1 INTRODUCTION -- 2 FRAME OF REFERENCE -- 3 METHODOLOGY -- 4 SUMMARY OF APPENDED PAPERS, REPORTS AND CASE STUDY -- 5 ANSWERING THE RESEARCH QUESTIONS -- 6 DISCUSSION AND CONCLUSIONS -- REFERENCES -- APPENDIX 1 LICENTIATE THESIS -- APPENDIX 2 METHODOLOGY FOR SYSTEMATIC LITERATURE REVIEW ON CROWDING OUT -- APPENDIX 3 KOMPLETTERANDE METODBESKRIVNINGAR FÖR KVANTITATIV ANALYS AV VÄNTETIDER -- APPENDIX 4 METHODOLOGY FOR CASE STUDY CCP -- APPENDIX 5 ACTIONS USED IN HANDLING VARIATION IN PATIENT FLOWS AT THE UNIVERSITY HOSPITAL, AND THE CATEGORISATION OF THESE IN TERMS OF LEVEL OF ABSTRACTION AND LEAN/AGILE -- Papers. 
588 |a Description based on publisher supplied metadata and other sources. 
590 |a Electronic reproduction. Ann Arbor, Michigan : ProQuest Ebook Central, 2024. Available via World Wide Web. Access may be limited to ProQuest Ebook Central affiliated libraries.  
655 4 |a Electronic books. 
776 0 8 |i Print version:  |a Olsson, Olle  |t Managing Variation in Hospital Patient Flows  |d Linköping : Linkopings Universitet,c2021  |z 9789179290696 
797 2 |a ProQuest (Firm) 
830 0 |a Linköping Studies in Science and Technology. Dissertations Series 
856 4 0 |u https://ebookcentral.proquest.com/lib/matrademy/detail.action?docID=6803966  |z Click to View